000 00588nam a2200217Ia 4500
003 OSt
005 20220928140652.0
006 a|||||r|||| 00| 0
007 ta
008 220927b |||||||| |||| 00| 0 eng d
024 _a10820
037 _cAnnuals, Advances
040 _aSDCL
_cSDCL
_beng
041 _2eng
_aeng
082 _aC9D1, K6
100 _aMendelssohn K
_9496832
245 0 _aQuest for absolute zero
_b The meaning of low temporature physics
260 _c1966
942 _hC9D1, K6
_cREF
_2CC
999 _c813284
_d813284